Baby Names: Girl (1990s) Quiz Stats

 Plays Quiz Updated Feb 16, 2012

     
Support Sporcle.
Go Orange.
Score 0/100 Timer 09:00
4 Plays Today
Rank Name % Correct
43Sara
80.5%
1Jessica
78.4%
8Elizabeth
78.2%
3Emily
77.5%
16Jennifer
77.2%
4Sarah
77.1%
39Mary
75.7%
35Anna
71.2%
15Rachel
70%
27Katherine
67.3%
56Emma
66.9%
2Ashley
66.9%
13Lauren
66.6%
11Hannah
66.1%
49Laura
65.8%
86Catherine
64.8%
6Amanda
64.1%
5Samantha
62.9%
69Katie
62.4%
24Rebecca
61.8%
10Megan
61.3%
40Christina
60.8%
32Michelle
59.1%
47Maria
59.1%
17Nicole
59%
55Julia
57%
14Stephanie
56.8%
64Amy
56.8%
7Brittany
55.5%
41Allison
55.3%
31Melissa
55.3%
38Olivia
53.6%
28Alexandra
52.9%
19Victoria
52.7%
Rank Name % Correct
23Danielle
52.6%
60Kelly
52.2%
29Madison
50%
50Erin
47.4%
9Taylor
47.1%
89Grace
46.9%
93Caroline
45.8%
22Courtney
45.4%
42Abigail
45.2%
36Kimberly
45%
45Heather
44.8%
52Natalie
44.6%
18Alexis
43.7%
61Kristen
43.6%
76Jenna
42.7%
21Alyssa
42.5%
51Andrea
41.7%
94Molly
41.6%
20Amber
41%
12Kayla
40.9%
71Lindsey
40.7%
26Brianna
40.7%
70Caitlin
40.6%
30Morgan
40%
58Erica
39.8%
77Angela
38.8%
97Leah
38.2%
48Kaitlyn
37.7%
37Tiffany
37.5%
34Chelsea
37.2%
53Jordan
37%
73Kathryn
36.8%
98Diana
36.6%
85Jamie
36.3%
Rank Name % Correct
46Haley
35.8%
90Monica
35.8%
62Katelyn
35.5%
54Brooke
35%
87Brittney
34.1%
57Vanessa
33.9%
33Kelsey
33.8%
92Madeline
33.7%
82Alicia
32.6%
75Shannon
32.6%
68Gabrielle
32.6%
25Jasmine
32.4%
63Marissa
31.7%
74Jacqueline
31.6%
66Paige
29.9%
67Cassandra
28.4%
80Alexandria
28.2%
65Crystal
27.1%
96Mackenzie
26.7%
99Whitney
26.6%
83Briana
25.8%
95Erika
25.7%
78Savannah
24.8%
84Miranda
24.7%
59Sydney
23.8%
72Destiny
23.4%
79Mariah
22.3%
88Breanna
22.2%
44Shelby
21%
81Sierra
19.8%
91Sabrina
18%
100Cheyenne
17.1%

From the Vault

O Canada Lyrics

by SporcleEXP

Music 5m
Canada, this one's for you.
Remove Ads.
Support Sporcle.
Get the best of Sporcle when you Go Orange. This ad-free experience offers more features, more stats, and more fun while also helping to support Sporcle. Thank you for becoming a member.

Show Comments

Extras

Top Quizzes Today


Score Distribution

Your Account Isn't Verified!

In order to create a playlist on Sporcle, you need to verify the email address you used during registration. Go to your Sporcle Settings to finish the process.

Report this User

Report this user for behavior that violates our Community Guidelines.

Details: